| 000 | 00424nam a2200133 4500 | ||
|---|---|---|---|
| 001 | 13469 | ||
| 007 | tu | ||
| 008 | s1862||||||| ger | ||
| 100 | 1 | _aSchmidt | |
| 245 | 0 | 0 |
_aWitterungs-Beobachtungen im Jahre 1861 _bGültig für die Stadt Oderberg und Umgegend, wozu auch der nördlichste Theil des Frankfurter Regierungsbezirks gehört _cSchmidt |
| 264 | _cAbschrift 1862 | ||
| 365 | _c€ | ||
| 546 | _adeutsch | ||
| 999 |
_c74050 _d74050 |
||